000 00521nam a2200181Ia 4500
999 _c32618
_d32618
003 OSt
005 20201014111131.0
008 190216s9999||||xx |||||||||||||| ||und||
020 _a9788178795270
040 _coclc
082 _a612
_bMOJ/A
100 _aMojumdar, Ram Mohun
_95701
245 0 _aAnatomy And Physiology /
_cRam Mohun Mojumdar
260 _bSports Publication,
_c2009.
_aNew Delhi:
300 _a338p
650 _aPhysical Education
942 _cBK
_2ddc
_h612
_iMOJ/A
_k612
_mMOJ/A